000 00536nam a22001817a 4500
005 20251108175714.0
008 250721s2017 xx 000 0 ara d
082 1 4 _a810.09/أشق
100 1 _aالأشقر، أسامة
245 1 0 _aجغرافية العشق المقدس /
264 1 _aعمان :
_bمؤسسة الفرسان للنشر والتوزيع،
_c2017.
300 _a(287)ص0
650 1 7 _aالادب العربي
650 1 7 _aالقدس
650 1 7 _aالحب(عواطف)
942 _2ddc
_cBK
999 _c140430
_d140430